| 000 | 01782cam a2200157 4500500 | ||
|---|---|---|---|
| 005 | 20260329020729.0 | ||
| 041 | _afre | ||
| 042 | _adc | ||
| 100 | 1 | 0 |
_aMeslem, Magali _eauthor |
| 245 | 0 | 0 | _aAlgunas observaciones sobre la cura analítica de las psicosis no desencadenadas |
| 260 | _c2025. | ||
| 500 | _a8 | ||
| 520 | _aEste artículo se propone examinar la cuestión de la práctica de los psicoanalistas liberales con pacientes que presentan una psicosis no desencadenada. La oferta de tratamiento parece estar sujeta a una restricción, en el sentido de que la cura se limitaría a cuestiones psicoterapéuticas y no se extendería al descubrimiento de un saber inconsciente. ¿Se trata solo de una precaución extrema de los psicoanalistas ante el riesgo de descompensación de los pacientes? ¿Se debe a la dificultad de los clínicos en la identificación de la psicosis no descompensada y, por lo tanto, en el diagnóstico y la conducción de la cura? El uso de una terminología ambigua para denominar la psicosis no descompensada parece confirmarlo. Así, se ha podido calificar de « psicosis blanca », « psicosis fría », « estado límite » o « psicosis ordinaria ». Nos proponemos definir la psicosis no descompensada y abordar el interés clínico que conduce a la identificación estructural a partir de la teoría lacaniana. En esta perspectiva, presentamos una metodología específica para la detección de una psicosis aún no confirmada, el examen de la certeza, así como indicios complementarios y modos de estabilización compensatorios del sujeto. | ||
| 786 | 0 | _nRecherches en psychanalyse | 38-39 | 2 | 2025-11-13 | p. 84-97 | |
| 856 | 4 | 1 | _uhttps://shs.cairn.info/revista-recherches-en-psychanalyse-2024-2-page-84?lang=es&redirect-ssocas=7080 |
| 999 |
_c1907465 _d1907465 |
||